Les pays mentionnés dans la bible - Statistiques

Statistiques générales
  • Ce quiz a été pris 295 fois
    270 depuis la dernière actualisation
  • Le résultat moyen est 17 sur 26
Statistiques - réponses
Réponse Hint % Correct
Israel Asie
95%
Egypte Afrique
93%
Italie Europe
89%
France Europe
83%
Grèce Europe
79%
Turquie Asie
77%
Irak Asie
76%
Iran Asie
75%
Espagne Europe
74%
Syrie Asie
72%
Jordanie Asie
70%
Arabie Saoudite Asie
68%
Liban Asie
67%
Palestine Asie
63%
Ethiopie Afrique
62%
Inde Asie
62%
Libye Afrique
62%
Yemen Asie
54%
Armenie Asie
52%
Soudan Afrique
52%
Chypre Asie
45%
Pakistan Asie
45%
Macédoine du Nord Europe
40%
Bulgarie Europe
39%
Malte Europe
38%
Croatie Europe
36%
Aucun quiz correspondant
Distribution des résultats
% des personnes avec chaque résultat
Percentile par nombre de réponses
Votre historique - résultats
Vous n’avez pas pris ce quiz depuis la dernière actualisation